<?xml version="1.0" encoding="UTF-8"?>
<marc:record xmlns:marc="http://www.loc.gov/MARC21/slim">
   <marc:leader>00000nam a2200000 a 4500</marc:leader>
   <marc:datafield ind1=" " ind2=" " tag="653">
      <marc:subfield code="a">Logikspiel</marc:subfield>
   </marc:datafield>
   <marc:datafield ind1="0" ind2="0" tag="245">
      <marc:subfield code="a">Rette die Igel</marc:subfield>
   </marc:datafield>
   <marc:datafield ind1="0" ind2="0" tag="245">
      <marc:subfield code="b">50 unglaubliche aufgaben, die es zu lösen gilt</marc:subfield>
   </marc:datafield>
   <marc:datafield ind1=" " ind2="1" tag="264">
      <marc:subfield code="a">Zaberfeld</marc:subfield>
      <marc:subfield code="b">HCM Kinzel GmbH</marc:subfield>
      <marc:subfield code="c">2008</marc:subfield>
   </marc:datafield>
   <marc:datafield ind1="1" ind2=" " tag="520">
      <marc:subfield code="a">Die 10 kleinen Igelkinder werden von den frechen Dachsen bedroht! Helfen Sie den Igelkindern sich vorbei an den Dachsen zu ihrer Mutter zu rollen, die hinter der Hecke wartet. 50 spannende Aufgaben warten darauf gelöst zu werden.</marc:subfield>
   </marc:datafield>
   <marc:datafield ind1="3" ind2=" " tag="024">
      <marc:subfield code="a">4018928504018</marc:subfield>
   </marc:datafield>
   <marc:datafield ind1=" " ind2=" " tag="041">
      <marc:subfield code="a">ger</marc:subfield>
   </marc:datafield>
   <marc:datafield ind1="1" ind2=" " tag="521">
      <marc:subfield code="a">8+</marc:subfield>
   </marc:datafield>
</marc:record>
